Macroeconomic growth in business valuation

Metódy opisujúce trh, ich rozdelenie do dvoch hlavných skupín, a to hlavných ekonomických modelov a finančných modelov. Hľadanie odpovede na otázku, či je možné kombinovať prevažne ekonomické a finančné modely s vytvorením univerzálnejších modelov. Analýza základných modelov, a to štandardný model o...

ver descrição completa

Na minha lista:
Detalhes bibliográficos
Autor principal: Zsolt Almási, Bálint
Outros Autores: Zéman, Zoltán
Formato: Capítulo de Livro
Idioma:inglês
Assuntos:
Tags: Adicionar Tag
Sem tags, seja o primeiro a adicionar uma tag!

MARC

LEADER 00000naa a2200000 4500
001 0257277
005 20191119093125.0
041 0 |a eng 
044 |a UA 
245 1 0 |a Macroeconomic growth in business valuation  |c Bálint Zsolt Almási, Zoltán Zéman 
520 |a Metódy opisujúce trh, ich rozdelenie do dvoch hlavných skupín, a to hlavných ekonomických modelov a finančných modelov. Hľadanie odpovede na otázku, či je možné kombinovať prevažne ekonomické a finančné modely s vytvorením univerzálnejších modelov. Analýza základných modelov, a to štandardný model obchodného cyklu a model oceňovania kapitálových aktív (CAPM). Výskum zameraný na zistenie druhu spojenia medzi zvolenými modelmi z hľadiska empirického pozorovania. Opis pomocou peňažných radov a testovanie korelačnej úrovne medzi nimi. 
610 2 0 |a oceňovanie 
610 2 0 |a podnik 
610 2 0 |a podnikanie 
610 2 0 |a rast hospodársky 
610 2 0 |a makroekonomika 
610 2 0 |a trh finančný 
610 2 0 |a modelovanie finančné 
610 2 0 |a modely ekonomické 
610 2 0 |a model CAPM 
610 2 0 |a korelácia 
100 1 |a Zsolt Almási, Bálint 
700 1 |a Zéman, Zoltán